| 000 -LEADER |
| fixed length control field |
00801nam a22001577a 4500 |
| 003 - CONTROL NUMBER IDENTIFIER |
| control field |
OSt |
| 005 - DATE AND TIME OF LATEST TRANSACTION |
| control field |
20151005150244.0 |
| 008 - FIXED-LENGTH DATA ELEMENTS--GENERAL INFORMATION |
| fixed length control field |
151005b xxu||||| |||| 00| 0 eng d |
| 040 ## - CATALOGING SOURCE |
| Transcribing agency |
RUA |
| 082 ## - DEWEY DECIMAL CLASSIFICATION NUMBER |
| Classification number |
AVM YOU 2001 B072 Or.1 |
| 100 ## - MAIN ENTRY--PERSONAL NAME |
| 9 (RLIN) |
2051 |
| Personal name |
YOURNG, SETHA. |
| 245 ## - TITLE STATEMENT |
| Title |
Effect of oil drenchon growth and rumen ecosystem of local cattle fed rice straw and cassava foliage, ប្រសិទ្ធភាពនៃការបញ្រកប្រេងរុក្ខជាតិ លើការលូតលាស់ និងអេកូស៊ីស្ពែមពោះធំ របស់គោក្នុងស្រុកដែលស៊ីចំបើងនឹងស្លឹកដំឡូងមី |
| 260 ## - PUBLICATION, DISTRIBUTION, ETC. (IMPRINT) |
| Place of publication, distribution, etc. |
Phnom Penh |
| Name of publisher, distributor, etc. |
RUA |
| Date of publication, distribution, etc. |
2001 |
| 300 ## - PHYSICAL DESCRIPTION |
| Extent |
vii; 41p. |
| Other physical details |
ill. |
| Dimensions |
29cm. |
| 942 ## - ADDED ENTRY ELEMENTS (KOHA) |
| Source of classification or shelving scheme |
|
| Koha item type |
AVM |